Eléments de physique moderne théorique

Uloženo v:
Podrobná bibliografie
Hlavní autor: Guinier, Georges (Autor)
Médium: Kniha
Jazyk:francouzština
Vydáno: París Bordas 1951
Edice:Bibliothéque de la Science Moderne
Témata:
Tagy: Přidat tag
Žádné tagy, Buďte první, kdo vytvoří štítek k tomuto záznamu!

MARC

LEADER 00000nam a2200000 a 4500
001 UCH1243
003 CL-VaPUC
008 090416e19510000FR |||||||||||||||||fre|d
082 0 4 |a 539  |b GUI  |2 21 
100 0 |a Guinier, Georges  |e author  |9 535649 
245 1 0 |a Eléments de physique moderne théorique 
300 |a v 
942 |c BK 
945 |d 20090416 00:00:00  |a rbrito 
260 |a París  |b Bordas  |c 1951 
650 7 |a ELECTRONES  |2 CL-VaPUC  |9 322158 
650 7 |a PROTONES  |2 CL-VaPUC  |9 360486 
650 0 |a Ondas  |9 260165 
650 7 |a MECANICA ONDULATORIA  |2 CL-VaPUC  |9 270490 
650 0 |a Átomos  |9 259583 
650 0 |a Teoría cuántica  |9 266148 
650 0 |a Cinética  |9 260943 
583 |a last modification  |c 20090416 00:00:00  |k Rodrigo Vera 
490 0 |a Bibliothéque de la Science Moderne 
999 |c 333303  |d 333301